000 00640nam a2200253Ia 4500
003 OSt
005 20221005122607.0
006 a|||||r|||| 00| 0
007 ta
008 221004b |||||||| |||| 00| 0 san d
024 _a54160
037 _cTextual
040 _aCRL
_cCRL
_bsan
041 _2san
_asan
082 _aO15,2D40x, 32L5.1
100 _aChadurvedi Au.
_9632236
245 0 _aKalidasasaruaswam
260 _c1975
490 _vVol.1
650 _a SANSKRIT LITERATURE
650 _aSANSKRIT DRAMA
942 _hO15,2D40x, 32L5.1
_cTEXL
_2cc
999 _c1044755
_d1044755